北陸新幹線並行在来線区間の境界駅 - Statistics

General Stats
  • This quiz has been taken 141 times
  • The average score is 9 of 11
Answer Stats
Answer % Correct
敦賀
90%
横川
89%
軽井沢
89%
高崎
88%
長野
87%
直江津
84%
大聖寺
84%
篠ノ井
83%
倶利伽羅
82%
妙高高原
80%
市振
74%
No matching quizzes found
Score Distribution
Percent of People with Each Score
Percentile by Number Answered
Your Score History
You have not taken this quiz